Normal view
MARC view
Entry Personal Name
001 - CONTROL NUMBER
- control field: 413151
003 - CONTROL NUMBER IDENTIFIER
- control field:
005 - DATE AND TIME OF LATEST TRANSACTION
- control field: 20210602122431.0
008 - FIXED-LENGTH DATA ELEMENTS
- fixed length control field: 210602|| aca||aabn | a|a d
040 ## - CATALOGING SOURCE
- Original cataloging agency:
- Transcribing agency:
100 ## - HEADING--PERSONAL NAME
- Personal name: Lange, O. L.
- Fuller form of name: (Otto Ludwig)
670 ## - SOURCE DATA FOUND
- Source citation: Work cat.: (): Water and plant life :, c1976
